000 01043nam a2200361 i 4500
001 768714001
003 CO-MdFUSB
005 20210603160014.0
007 ta
008 741217t1952 ohu b 000 0 eng
010 _a 53017034 /L
020 _a0801055059
040 _aCO-MdFUSB
_bspa
_cCO-MdFUSB
_dCO-MdFUSBC
_erda
041 _aeng
082 _223
_a223.807
_bL653
100 1 _aLeupold, H. C.
_d1892-
_eautor
245 1 0 _aExposition of Ecclesiastes
_c/ H.C. Leupold.
264 1 _aGran Rapids Michigan :
_bBaker Book House,
_c[1952]
264 4 _c© 1952
300 _a304 páginas.
_c23 cm.
336 _2rdacontent
_asonidos
_btxt
337 _2rdamedia
_asin mediación
_bn
338 _2rdacarrier
_avolumen
_bnc
504 _aBibliografìa: páginas. 33-36.
505 _aEclesiastés
563 _aRústico
600 1 0 _aLeupold, H. C.
_d1892-
630 7 _aBiblia.
_pEclesiastes
_xCrítica, interpretación, etc.
942 _cBK
945 _aJTF-925
999 _c66457
_d66457